[Event "Corus"]
[Site "Wijk aan Zee"]
[Date "2006.01.27"]
[Round "11"]
[White "Karjakin, Sergey"]
[Black "Sokolov, Ivan"]
[Result "1-0"]
[WhiteElo "2660"]
[BlackElo "2689"]
[Annotator "Mikhalevski,V"]
[PlyCount "99"]
[EventDate "2006.01.14"]
[EventType "tourn"]
[EventRounds "13"]
[EventCountry "NED"]
[EventCategory "19"]
[SourceTitle "CBM 111"]
[Source "ChessBase"]
[SourceDate "2006.04.04"]
[SourceVersion "1"]
[SourceVersionDate "2006.04.04"]
[SourceQuality "1"]

1. e4 e5 2. Nf3 Nc6 3. Bb5 a6 4. Ba4 Nf6 5. O-O Nxe4 6. d4 b5 7. Bb3 d5 8. dxe5
Be6 9. Nbd2 Be7 10. c3 O-O 11. Bc2 f5 {I play the Open variation of the Ruy
Lopez from the childhood, but somehow I played this old line only once before
in 2004 and frankly speaking the experience wasn't great. It seems that White
can obtain an advantage by means of 12.Nd4, which for some reason is not very
popular these days.} 12. Nb3 {[%cal Gb3d4] This manoeuvre has been known for
more than 80 years! The knight goes to d4 in order to exchange Black's blocker
on e6 and thus to weaken the d5-pawn.} (12. Nd4 {Considered by Kortschnoj as
the best occuried in the afore-mentioned game. After the moves} Nxd4 13. cxd4
c5 14. dxc5 Nxd2 15. Bxd2 Bxc5 16. Bb3 {White is better. See Spraggett,
K-Mikhalevski,V, Canadian Open 2004/ CBM102 [Mikhalevski,V].}) ({The main
alternative is} 12. exf6 Nxf6 13. Nb3 Bg4 14. Qd3 Ne4 $6 (14... Qd7 $5 {
1-0 Shirov,A-Korchnoi,V/Plovdiv BUL 2003 (29)}) (14... Bh5 $5 {Euwe.}) 15. Nbd2
$1 {1/2-1/2 Shirov,A-Korchnoi,V/Reykjavic ISL 2003/CBM94[Korchnoi] (41). (41)})
12... Qd7 13. Nbd4 Nxd4 14. Nxd4 c5 15. Nxe6 (15. Ne2 {This retreat was tested
only three times by three generations of players. Here are the names:
Bogoljubow, Fischer and Anand!}) 15... Qxe6 16. f3 Ng5 17. a4 {This is
definetly the first critical position in this line, which after 12.Nb3 arises
almost automatically. Black has to make an important choice between 17...Rad8;
17...g6 and 17...b4. As the recent game of Vallejo showed (see below) this is
the most promising continuation for Black.} ({That's how it all started.} 17.
Bxg5 Bxg5 18. f4 Bd8 19. Qf3 (19. g4 $1 fxg4 20. Qd3 g6 21. Rad1 $14 {[%csl
Rd5] deserved attention.}) 19... Bb6 20. Rad1 Rad8 $11 {0-1 Chajes,O-Tarrasch,
S/Karlsbad 1923/HCL (44)}) 17... g6 {Ivan follows his recent successful game
against Sutovsky.} (17... Rad8 $5 18. axb5 axb5 19. Kh1 f4 {The latest word of
technics.} (19... d4 {1/2-1/2 Navara,D-Krasenkow,M/Lubniewice POL 2005.(74)
was tested in a very sharp game.}) 20. Bd2 c4 21. Ra5 Qc6 22. Qa1 Bc5 23. Ra6
Qb7 24. Qa5 Rde8 {[%csl Re5]} 25. Re1 Bf2 $1 26. Rf1 (26. Re2 $2 Ra8 $1 $19 {
[%csl Rh1]}) 26... Be3 $1 27. Bxe3 fxe3 $17 {0-1 Karjakin,S-Vallejo Pons,F/
Cuernavaca MEX 2006 (34). and soon Black won.}) (17... b4 $5 {This is the
first test of the interesting Savon's idea, which he introduced in his game
against Geller in 1968.} 18. cxb4 c4 19. Be3 Nf7 (19... f4 $5 20. Bd4 Bxb4 $13)
20. f4 Bxb4 21. a5 (21. Qf3 $5) 21... Nd8 22. Qf3 Nb7 23. Rfd1 Rfd8 24. Bb6
Bc5+ 25. Kh1 Bxb6 26. axb6 $13 {1/2-1/2 Sutovsky,E-Mamedyarov,S/Calvia ESP
2004 (29)}) 18. Kh1 {Karjakin takes his king away from the dangerous diagonal
a7-g1 and tries to win a tempo comparing to the 18.Be3-line.} ({White also
tested other moves. Here are three examples:} 18. Be3 Qc6 {[%cal Gg5e6]} 19.
Bxg5 Bxg5 20. f4 Be7 21. Qf3 c4 22. Rfd1 Rad8 23. b4 $1 a5 $1 24. bxa5 $6 (24.
axb5 $5 Qb6+ 25. Kh1 axb4 26. Rxd5 b3 27. Bd1 $13) 24... b4 25. cxb4 Bxb4 $15 {
0-1 Sutovsky,E-Sokolov,I/Hoogeveen NED 2005/(57). and Black took initiative
and won the game.}) ({Hard to believe, but this position occuried back in 1923!
} 18. Re1 Qc6 19. Be3 Ne6 20. f4 Rfd8 21. Qf3 $14 {0-1 Chajes,O-Thomas,G/
Karlsbad 1923/HCL (77)}) (18. Qe2 c4 19. Re1 Qb6+ 20. Kh1 Ne6 21. Rd1 Rad8 $11
{0-1 Nunn,J-Kortschnoj,V/Cologne 1989/CBM 016 (47)}) 18... c4 {An attempt to
improve over Sorin's 18...Qc6. This novelty was definitely prepared at home,
but it seems that Kariakin analysed this position as well.} ({In a recent game
Black tested} 18... Qc6 {[%cal Gg5e6]} 19. Bxg5 Bxg5 20. f4 Be7 21. Qf3 c4 $146
(21... Kh8 {occuried in Ricardi,P-Sorin,A, Buenos Aires Naidorf 1996/ CBM 53
[Wedberg].}) 22. Rfd1 Rfd8 23. b4 $1 a5 24. axb5 Qxb5 25. Ba4 Qb6 26. b5 $16 {
1/2-1/2 Khairullin,I-Fressinet,L/Moscow RUS 2006.(37)}) ({Another option is} 
18... Rad8 19. Qe2 c4 20. Qf2 Rd7 21. axb5 axb5 22. Qg3 Nf7 23. f4 b4 24. Be3
b3 25. Bd1 Nd8 26. Bf3 $14 {[%csl Rd5] 1-0 Tringov,G-Zafar,S/La Valetta 1980/
EXT 2000}) 19. b4 $1 {[%csl Gc5,Rd5] White takes away the important c5-square
and restricts Black's dark-squared bishop like in Sutovsky-Sokolov. See above.}
a5 $1 {Sokolov doesn't allow stabilizing position and tries to create
counterplay.} 20. bxa5 $1 {This way White seizes the a-file.} Rxa5 21. Bxg5 {
Unpinning the a-pawn.} Bxg5 22. f4 Be7 23. axb5 Rxb5 {[%csl Rd5] In the arisen
position White has a better pawn structure since the d5-pawn is much weaker
than the c3-pawn. The reversed colour bishops only make the d5-pawn weaker.}
24. Ba4 $1 {Offering either to leave fifth rank weakening the d5-pawn or to
place the rook on a passive c5-square.} Rb2 $6 {Probably first serious
inaccuracy. The rook would be more useful on b8.} (24... Ra5 $6 {is dubious in
view of} 25. Bd7 $1 $16) (24... Rbb8 $1 25. Qd4 Rbc8 26. Rfd1 Rfd8 {[%cal
Ge7c5] with good chances to keep the position.}) 25. Qd4 {[%csl Rd5][%cal
Gf1b1] Preparing an exchange of the active rook with the following direct
attack of the d5-pawn.} Rc8 {[%cal Ge7c5] This way Black creates a threat of
Bc5 and thus gets time for bringing the rook to c5 to not defend passively
from d8.} 26. Rfd1 Rc5 27. Rab1 $1 {Preparing the following brilliant
perouette of the light-squared bishop.} Rxb1 ({Black can't keep the rook in
view of} 27... Ra2 28. Rb8+ Kg7 (28... Kf7 29. Rb7 $1 $18 {[%csl Rf7][%cal
Ga4d7]}) 29. Bd7 $1 {[%csl Rg7]} Qf7 (29... Qxd7 $4 30. e6+ $18 {[%csl Rd7,Rg7]
}) 30. g4 $1 $18 {with a decisive attack on the black king.}) 28. Rxb1 Ra5 29.
Bd1 $1 {[%csl Rd5][%cal Gd1f3] Bringing the bishop to f3.} Qa6 $2 {[%cal Ga5a1]
Black is hoping that after exchange of rooks he will get counterplay but in
fact the d5-pawn will get weaker.} (29... Bc5 $1 {was necessary and although
White is still better he has to be precise to convert his positional advantage
into a win. F.e.} 30. Qd2 Ra7 (30... Ra8 $5 31. Bf3 (31. Be2 $5 {[%csl Rc4,Rd5]
[%cal Gb1d1]}) 31... Rd8 32. Qa2 $1 {[%csl Rc4,Rd5][%cal Gb1d1]} Qc6 $1 33. Rd1
(33. Qxc4 dxc4 34. Bxc6 Rd3 $132) 33... Kg7 34. g3) 31. Bf3 Rd7 32. Qa2 $14 {
[%cal Ga2a8]}) 30. h3 $1 {A cold shower. White is not in a hurry to play Bf3,
but first secures his king.} Kg7 ({Probably it would be better to exchange the
queens to avoid the mating attack which took place in the game.} 30... Qa7 $5
31. Qxa7 Rxa7 32. Bf3 Ra5 33. Rd1 $16) 31. Bf3 Ra1 {Black succeeded to
exchange the rooks which however didn't make his life easier.} 32. Rxa1 Qxa1+
33. Kh2 $16 {[%csl Rc4,Rd5]} Qa5 $2 {This passive defense is equal to
resignation.} ({Black had to look for counterplay by means of} 33... Bh4 $1 {
[%cal Ga1e1] trying to weaken White's king.} 34. g3 (34. e6+ Bf6 35. Qxd5 Qc1
$1 36. Qxc4 Qxc3 {and it won't be easy to break through Black's fortress after
a blockade on e7.}) 34... Qb2+ 35. Bg2 Be7 36. e6+ Kh6 37. Qe5 $16) 34. Bxd5
$18 Bc5 (34... Qc5 35. Bxc4 $18 {is also hopeless for Black.}) 35. Qxc4 Bf2 {
[%csl Rh2][%cal Ga5a1,Ga1g1]} 36. Qe2 $5 Qc5 37. c4 Bg1+ 38. Kh1 Be3 $6 ({
Black's only practical chance is to exchange the queens.} 38... Qe3 $5) 39. g3
Qa3 (39... Qd4 $5 {[%cal Gd4d2]}) 40. Kg2 h5 41. h4 $1 {Now white king finds a
safe refuge on h3, which allows White to activate his queen.} Bc5 42. Qc2 Kf8
43. Qb1 Qb4 44. Qc2 Ke7 45. Bf3 Qe1 46. Qb3 Qb4 47. Qd3 Qb2+ 48. Kh3 Bd4 49.
Bg2 Kf8 $2 {A blunder in a lost position.} (49... Qc3 $1 50. Qe2 {[%cal Ge2a2]}
Qb3 $1 {trying to prevent penetration of the white queen was necessary.}) 50.
c5 $1 {Now the queen finds a way out and so Black resigned.} (50. c5 $1 Bxc5 (
50... Qc3 51. Qa6 $1 $18 {[%csl Rg6]}) 51. Qd8+ Kg7 52. Bd5 $1 $18 {[%cal
Gd8g8] and Black can't prevent mate.}) 1-0

[Event "Lee Cup 4th"]
[Site "Beijing"]
[Date "1997.08.27"]
[Round "4"]
[White "Li, Shilong"]
[Black "Lin, Weiguo"]
[Result "1/2-1/2"]
[WhiteElo "2335"]
[BlackElo "2470"]
[Annotator "Mikhalevski,V"]
[PlyCount "82"]
[EventDate "1997.08.23"]
[EventType "swiss"]
[EventRounds "11"]
[EventCountry "CHN"]
[SourceTitle "CBM 061"]
[Source "ChessBase"]
[SourceDate "1997.11.23"]
[SourceVersion "1"]
[SourceVersionDate "1997.11.23"]
[SourceQuality "1"]

1. e4 e5 2. Nf3 Nc6 3. Bb5 a6 4. Ba4 Nf6 5. O-O Nxe4 6. d4 b5 7. Bb3 d5 8. dxe5
Be6 9. Be3 Be7 10. c3 O-O 11. Nbd2 Qd7 12. h3 Rad8 (12... Nc5 13. Bc2 Bf5 14.
Bxf5 Qxf5 15. Bxc5 Bxc5 16. Nb3 Bb6 17. Qxd5 Ne7 18. Qd2 Ng6 19. Nbd4 Qh5 20.
Nc6 Rfe8 21. a4 Re6 22. axb5 Rae8 23. Rxa6 f6 24. Nfd4 Rxe5 25. Nxe5 fxe5 26.
Ne2 h6 27. c4 Nh4 28. Qd5+ {1-0 Lanka,Z-Foessmeier,U/Werfen op 1989}) 13. Re1 (
13. Bc2 f5 14. exf6 Nxf6 15. Ng5 (15. Nd4 Nxd4 16. cxd4 c5 17. Nf3 c4 18. Ne5
Qc8 19. g4 Nd7 20. Nf3 Nf6 21. Ne5 Nd7 22. Nf3 {1/2-1/2 Bar,A-Rapoport,E/
ISR-ch U18 1997/EXP 58}) 15... Bf5 16. Bxf5 Qxf5 17. Qb1 Qd7 18. a4 Bd6 19.
axb5 axb5 20. Ngf3 Ne7 21. Qd3 c5 22. Rfe1 Nf5 23. Bg5 c4 24. Qc2 h6 25. Ne5
Qc8 26. Bxf6 Rxf6 27. Ndf3 Bc5 {Kengis,E-Anand,V/Riga Tal 1995/CBM 47/0-1 (40)}
) 13... Bf5 14. Nf1 $2 (14. Bc2 $142 $5 $11) 14... Bg6 15. Qe2 Na5 $15 (15...
Bh5 $5 16. Rad1 $1 Qe6 $1 $15 (16... Nxe5 17. Rxd5 Nxf3+ 18. gxf3 Qxh3 19. Rxh5
Qxh5 20. fxe4 Qg6+ 21. Ng3 $13)) 16. Red1 (16. Bc2 Nc4 17. Bd3 $5 $15 {/\a4} (
17. Bc1 $6 Bc5 18. Ne3 Rfe8 $17 {><e5})) 16... Nc4 (16... Qe6 $142) 17. Ne1 (
17. a4 $5) 17... c6 (17... Nxe5 $6 18. Bxd5) 18. Nd3 Bh4 $6 (18... Rfe8 $142
19. f3 Ng5 20. Bxc4 $140 $6 bxc4 21. Nc5 Bxc5 22. Bxc5 f6 $15) 19. f3 Ng3 20.
Nxg3 Bxg3 21. f4 h5 $6 (21... Bh5 $142 $5 22. Qxh5 Nxe3 23. Rd2 Nc4 24. Re2 d4
$1 25. Rd1 Qa7 26. Kh1 dxc3 27. bxc3 (27. Qf3 Nxb2 28. Nxb2 cxb2 29. Rb1 Bh4
$15) 27... Ne3 28. e6 $1 (28. Rdd2 $140 Nf1 $1 29. Rd1 Be1 $3 {/\Ng3-+}) 28...
fxe6 (28... Nxd1 $2 29. e7 {/\Qf7!}) 29. Bxe6+ Kh8 30. Rdd2 Nc4 (30... Nf1 $2
31. Ne5 $18) 31. Bxc4 bxc4 32. Ne5 Rxd2 33. Ng6+ $1 Kg8 34. Ne7+ $11) 22. Bxc4
bxc4 23. Nc5 Qc8 24. Qf3 h4 25. Bd4 $2 (25. Bf2 $1 $16 Qf5 (25... Qb8 26. Bxg3
hxg3 27. b4 $1 $16) 26. Bxg3 Bh5 27. Qe3 Bxd1 28. Bxh4 $1 $16 Rb8 $140 29. Rxd1
Qh5 30. Qe1) 25... a5 $6 (25... Qf5 $142) 26. Rf1 $6 (26. Bf2 $142) 26... Qf5
27. b3 Bh5 28. Qe3 Rfe8 29. Rab1 cxb3 30. axb3 f6 31. e6 $6 (31. Ra1 $142)
31... Rd6 $1 $11 {/\Rde6} 32. Rbe1 $1 Re7 33. Rf2 Bxf2+ 34. Qxf2 Rdxe6 35. Nxe6
Rxe6 36. Rxe6 Qxe6 37. Bb6 $1 $11 {[].The rest is clear.} Bd1 38. Bxa5 Bxb3 39.
Bb6 Qf5 40. Qxh4 Qd3 41. Qe1 Qd1 1/2-1/2

[Event "Cuernavaca Young Masters"]
[Site "Cuernavaca"]
[Date "2006.02.08"]
[Round "6"]
[White "Karjakin, Sergey"]
[Black "Vallejo Pons, Francisco"]
[Result "0-1"]
[WhiteElo "2660"]
[BlackElo "2650"]
[Annotator "Mikhalevski,V"]
[PlyCount "68"]
[EventDate "2006.02.03"]
[EventType "tourn"]
[EventRounds "9"]
[EventCountry "MEX"]
[EventCategory "16"]
[SourceTitle "CBM 112"]
[Source "ChessBase"]
[SourceDate "2006.06.07"]
[SourceVersion "1"]
[SourceVersionDate "2006.06.07"]
[SourceQuality "1"]

1. e4 e5 2. Nf3 Nc6 3. Bb5 Nf6 {It seems that Black offers to play the Berlin
variation of the Ruy Lopez.} 4. O-O {White accepts the challenge.} (4. d3 {
is a way to deviate from this complicated endgame.}) 4... Nxe4 5. d4 a6 6. Ba4
{After this move the game transposes to the Open variation of the Ruy Lopez.} (
{If Black chooses the moves order in text White can also play} 6. Bxc6 dxc6 7.
Qe2 Bf5 8. g4 Bg6 9. Nxe5 {with a dangerous, but probably playable position
for Black.}) 6... b5 7. Bb3 d5 8. dxe5 Be6 9. Nbd2 Be7 {An old line, which is
getting extremely popular these days.} (9... Nc5 {is the most popular
alternative.}) 10. c3 O-O 11. Bc2 f5 12. Nb3 (12. exf6 Nxf6 {doesn't seem to
promise much.}) 12... Qd7 13. Nbd4 Nxd4 14. Nxd4 c5 15. Nxe6 Qxe6 16. f3 Ng5
17. a4 {This critical position recieved a lot of tests in the first three-four
months of 2006.} ({The main alternative} 17. Bxg5 {doesn't seem to set any
serious problems.} Bxg5 18. f4 Be7 19. Qf3 Rad8 20. Rad1 c4 ({Black's
experiment in the following game could cost him the game, but he was fortunate
to save half a point.} 20... Kh8 21. Rd2 Rd7 22. Rfd1 d4 (22... Rfd8 $5) 23.
cxd4 cxd4 24. Bb3 Qb6 25. Kh1 {[%cal Gd2c2]} a5 26. Rc2 a4 27. Rc6 Qa5 28. Be6
$16 {1/2-1/2 Van der Wiel,J-Ernst,S/Netherlands NED 2006/The Week in Chess 593
(42)}) 21. Kh1 Bc5 22. Rd2 Rd7 23. Rfd1 Rfd8 {[%cal Gd5d4] and playing d4
Black equalizes.1/2-1/2 Brkic,A-Fressinet,L/Kusadasi TUR 2006/The Week in
Chess 596 (79)}) 17... Rad8 $1 {After this game all attention will be
attracted by this move. It turns out that it's useful to keep this rook in
order to protect the pawn d5 and create counterplay in the centre with d4.
It's curious that this move was introduced not less than 38(!) years ago by
Wolfgang Unzicker against Spassky. See below.} ({Other moves are worse. Here
are two fresh examples.} 17... Qc6 18. Bxg5 Bxg5 19. f4 Be7 20. axb5 axb5 21.
Rxa8 Qxa8 22. g4 $1 $16 {1-0 Deepan,C-Sundararajan,K/Visakhapatnam IND 2006/
The Week in Chess 596 (42)}) ({In Wijk aan Zee 2006 Sergey faced} 17... g6 {
and won a nice game.} 18. Kh1 c4 19. b4 a5 20. bxa5 Rxa5 21. Bxg5 Bxg5 22. f4
Be7 23. axb5 Rxb5 24. Ba4 Rb2 25. Qd4 $14 {[%csl Rd5] 1-0 Karjakin,S-Sokolov,I/
Wijk aan Zee NED 2006/CBM111[Mikhalevski,V].}) 18. axb5 axb5 19. Kh1 {Karjakin
is trying to play similar to his game against Sokolov, but fails to achieve a
similar result. Nevertheless this was the main line so far.} (19. Qe2 {is the
main and only alternative right now.} c4 (19... Qb6 20. Bxg5 {'1/2-1/2 Spassky,
B-Unzicker,W/Lugano 1968/MCD'} Bxg5 21. f4 Be7 22. Kh1 d4 (22... c4 $5) 23. c4
$14 {1-0 Gharamian,T-Usachyi,V/Cappelle la Grande FRA 2006/The Week in Chess
590 (29)}) 20. Be3 $1 Qxe5 $6 (20... b4 $5) 21. f4 Qe6 22. fxg5 Bxg5 23. Rae1
Rde8 24. Bxg5 Qxe2 25. Rxe2 Rxe2 26. Bxf5 g6 27. Bd7 Rxf1+ 28. Kxf1 Rxb2 29.
Be6+ Kf8 (29... Kg7 $5 {[%cal Gb5b4]}) 30. Be3 $1 $14 {1-0 Yagupov,
I-Khmelniker,I/Cappelle la Grande FRA 2006/The Week in Chess 590 (46)}) 19...
f4 $1 {This strong novelty was definitely born in cooperation with our iron
friend. Black keeps his knight, restricts White's dark-squared bishop and
achieves a good position.} ({In a fresh game from Malmo Black successfully
tested} 19... Qb6 20. Bxg5 Bxg5 21. f4 Be7 22. Qf3 d4 23. cxd4 {and already
White offered a draw here admitting that he recieved nothing from the opening.
1/2-1/2 Fedorov,A-Atalik,S/Malmo SWE 2006/The Week in Chess 599}) ({Another
fresh game featured} 19... c4 20. Be3 f4 21. Bd4 Qc6 22. b4 $1 {[%csl Gc5]} Ne6
23. Qd2 $14 {0-1 Solleveld,M-L'Ami,E/Netherlands NED 2006/The Week in Chess
593 (48)}) ({Black also tested two more ideas.} 19... d4 $6 {which looks a bit
premature.} 20. cxd4 Kh8 (20... Nf7 $5) 21. Qe2 $1 Rxd4 22. Qxb5 $16 {1/2-1/2
Navara,D-Krasenkow,M/Lubniewice 2005/CBM 108 ext (74)}) ({and} 19... Rd7 20.
Qe2 Qc6 (20... c4 $5) 21. Bxg5 Bxg5 22. f4 Be7 23. Qf3 c4 24. h3 (24. Rfd1 $5)
24... Bc5 25. Rfd1 g6 26. Rd2 Kh8 27. Rad1 Rfd8 28. g4 $1 $14 {1/2-1/2 Haba,
P-Unzicker,W/Germany 1990/GER-chT (38)}) 20. Bd2 (20. Ra7 {The latest attempt
to revive19.Kh1, which recieved a serious blow in the current game.} Rf7 $1 21.
Qe2 c4 22. b3 Bc5 (22... Qb6 $5 23. Ra1 Ne6) 23. Rxf7 Qxf7 24. bxc4 bxc4 25.
Rd1 Ne6 $15 {with a good position for Black in 0-1 Mastrovasilis,D-Fressinet,L/
Kusadasi TUR 2006/The Week in Chess 596 (59).}) 20... c4 $1 {[%cal Ge7c5,Ge6c6,
Gg5e6] Preparing a nice regrouping of pieces. The bishop will go c5, the queen
to c6 and the knight to e6. Poor white bishops find no squares.} 21. Ra5 Qc6
22. Qa1 $6 {White chooses the wrong direction for the queen.} (22. Qc1 $5 {
deserved attention with the idea} Ne6 (22... Qb6 $5) 23. Qb1 g6 $2 (23... Ng5
$142 24. Qc1 $11) 24. Bxg6 $1 hxg6 25. Qxg6+ Kh8 26. Rfa1 $1 $16 {[%csl Re6,
Rh8][%cal Ga5a6]}) 22... Bc5 23. Ra6 $6 {White loses the thread and his
position is getting difficult very quickly.} (23. Qc1) 23... Qb7 $1 {[%csl Ra6,
Re5] Now also the rook on a6 is misplaced.} 24. Qa5 (24. b4 Bb6 {[%cal Gd5d4]}
25. Re1 Rde8 $1 $17 {is also clearly better for Black, but still this would be
the least of the evils.}) 24... Rde8 $1 {[%csl Re5]} 25. Re1 Bf2 $1 26. Rf1 (
26. Re2 $2 {loses to} Ra8 $19 {[%csl Rh1]}) 26... Be3 $1 $17 {Black wins the
e5-pawn and also obtains a strong pawn on e3.} 27. Bxe3 (27. Be1 Ne6 $1 {
[%cal Ge6c5]} 28. Qa1 Nc5 $19 {[%cal Ge8e5] is hardly better.}) 27... fxe3 28.
Qb6 {After this exchange Black wins almost by force, but it's not easy to give
White a good advice.} Qxb6 29. Rxb6 Rxe5 30. Rxb5 e2 31. Re1 Rxf3 $1 {[%cal
Gf3f1] Winning in style.} 32. gxf3 ({After} 32. Kg1 $2 {White gets mated in
four.} Nh3+ $1 33. gxh3 Rg5+ 34. Kh1 Rf1+ 35. Rxf1 exf1=Q#) 32... Nxf3 33. Rxd5
$2 {Loses on the spot.} (33. Ra1 {was necessary, but after} g6 $1 34. Ba4 e1=Q+
35. Rxe1 Nxe1 $17 {Black shouldn't have problems to convert his extra pawn
into a win.}) 33... Rxd5 34. Rxe2 Rg5 $1 (34... Rg5 $1 {and White resigned
realizing that he loses a piece after} 35. Rg2 Rxg2 36. Kxg2 Ne1+ 37. Kg3 Nxc2
38. Kf4 g5+ $1 39. Kxg5 Ne1 $19 {[%csl Rb2][%cal Ge1d3,Gd3b2]}) 0-1

[Event "Beersheba 16th"]
[Site "Beersheba"]
[Date "1997.03.04"]
[Round "8"]
[White "Golod, Vitali"]
[Black "Mikhalevski, Victor"]
[Result "1/2-1/2"]
[WhiteElo "2515"]
[BlackElo "2535"]
[Annotator "Mikhalevski,V"]
[PlyCount "56"]
[EventDate "1997.02.24"]
[EventType "tourn"]
[EventRounds "11"]
[EventCountry "ISR"]
[EventCategory "12"]
[SourceTitle "CBM 058"]
[Source "ChessBase"]
[SourceDate "1997.06.01"]
[SourceVersion "1"]
[SourceVersionDate "1997.06.01"]
[SourceQuality "1"]

1. e4 e5 2. Nf3 Nc6 3. Bb5 a6 4. Ba4 Nf6 5. O-O Nxe4 6. d4 b5 7. Bb3 d5 8. dxe5
Be6 9. Be3 Be7 10. c3 O-O 11. Nbd2 Qd7 12. Re1 Rad8 13. Bc2 Nxd2 (13... Bf5 {
See Khalifman,A-Mikhalevski,V CBM58}) 14. Qxd2 Bf5 15. Rad1 Bxc2 (15... Rfe8 {
See Khalifman,A-Mikhalevski,V CBM58}) 16. Qxc2 f6 (16... Qg4 17. h3 Qe4 18. Qd2
Nxe5 19. Nxe5 Qxe5 20. Bf4 Qf6 21. Bxc7 Rd7 22. Be5 $14 {Khalifman,
A-Mikhalevski,V; Anibal op97}) (16... Rfe8 {1-0 Bojkovic,N-Forgo,E/EU-chTW
Debrecen 1992 (39)}) 17. exf6 Bxf6 18. Bc5 (18. Bg5 $1 h6 (18... Bxg5 $2 19.
Nxg5 Qf5 20. Qxf5 Rxf5 21. Ne6 $16) 19. Bxf6 Rxf6 $14) 18... Rfe8 19. h3 (19.
Rxe8+ $142 $1 Rxe8 20. Qd3 Rd8 (20... Ne5 21. Qxd5+ (21. Nxe5 Bxe5 $1 $11 22.
Qxd5+ $140 Qxd5 23. Rxd5 Bxc3) 21... Qxd5 22. Rxd5 Nxf3+ 23. gxf3 $14 Re2 $140
(23... Re5 $5 24. Rxe5 Bxe5 25. Bd4 $1 Bd6 $14) 24. Ba3) 21. Re1 $14) 19...
Rxe1+ $2 (19... Ne5 $142 20. Nxe5 Bxe5 (20... Rxe5 $5) 21. Re2 c6 22. Rde1 Bf6)
20. Rxe1 Re8 $6 (20... Ne7 $5) 21. Rxe8+ Qxe8 22. Qf5 $16 Ne5 $8 23. Nxe5 $2 (
23. Ng5 $1 Bxg5 24. Qxg5 {><g7} c6 (24... h6 25. Qg3 $1 (25. Qe3 Qc6 $8 (25...
Kf7 26. Bd4 $18) 26. Qxe5 Qxc5 27. Qe6+ Kh7 28. Qxa6 d4 $1 $132 29. cxd4 $140
Qc1+ 30. Kh2 Qf4+ $11) 25... c6 26. Bd4 $16 (26. Qe3 $16)) 25. Qe3 $1 Qb8 (
25... Kf7 26. Bd4 Ng6 27. Qxe8+ Kxe8 28. Bxg7 $16) 26. f4 Nf7 27. Qe6 $16)
23... Qxe5 24. Qd7 (24. Qc8+ Kf7 25. g3 $14 (25. Qxa6 Qe1+ 26. Kh2 Be5+ 27. g3
d4 $1 $11)) 24... h5 $1 {><g1} 25. Bd4 Qe1+ 26. Kh2 Qe4 $1 27. Bxf6 (27. f3
$142 $14 Qf4+ (27... Be5+ $6 28. Kh1 (28. Bxe5 Qxe5+ $11) 28... Qe1+ 29. Bg1
Bd6 30. Qc6 Qd1 31. Qe8+ Kh7 32. Qxh5+ Kg8 33. Qe8+ Kh7 34. b4 $16) 28. Kh1
Bxd4 (28... Qc1+ 29. Bg1) 29. Qxd5+ Qf7 30. Qxd4 Qxa2 31. b4 $14) 27... Qf4+
28. Kg1 Qc1+ 1/2-1/2